Statistieken voor "Stan" Landkaart Quiz

Klik hier om de quiz te nemen!

Algemene statistieken

  • Deze quiz is 3.033 keer genomen
    (2.883 sinds de laatste reset)
  • De gemiddelde score is 5 van 6

Antwoorden op de kaart

Antwoorden kleurgecodeerd door een groen-rode schaal op de quizkaart volgens % correct hieronder.
Laden...
 

Antwoordstatistieken

Antwoord% Correct
Kazachstan
89%
Pakistan
84%
Tadzjikistan
80%
Afghanistan
79%
Oezbekistan
74%
Turkmenistan
70%

Scoreverdeling

Percentiel versus Aantal Correcte Antwoorden

Procent van Mensen met Elke Score

Uw Scoregeschiedenis

U heeft deze quiz nog niet genomen sinds de laatste reset